00343nam a22001217a 450000500170000000800410001704000130005808200190007110000250009024500500011526000450016530000110021020180228131057.0170810b xxu||||| |||| 00| 0 eng d cPK-LaUMT aZIAC 297bISL- aEbrahim Ahmed Bawany aIslam: an introduction/cEbrahim Ahmed Bawany aKarachi:bBegum Aisha Bawany Wakf,c1967 a161 p.